| Поле | Инд. | ПП | Название | Значение |
|---|---|---|---|---|
| Тип записи | a | |||
| Библиографический уровень | m | |||
| 001 | Контрольный номер | UNIDUBNA8beb4814a3fe4129867c8c1229a55546 | ||
| 005 | Дата корректировки | 20260521141116.2 | ||
| 008 | Кодируемые данные | 20260521 | ||
| 084 | a | Индекс другой классификации/Индекс ББК | 26.2 | |
| 090 | a | Полочн. индекс | 95.45 | |
| 099 | a | Индекс | 42217 | |
| 245 | 10 | a | Заглавие | Геофизический вестник |
| n | Номер части/ раздела | №2/2026 | ||
| b | Продолж. заглавия | информационный журнал Евро-Азиатского географического общества | ||
| c | Ответственность | гл. ред. Л. А. Золотая | ||
| 260 | c | Дата издания | 2026 | |
| b | Издательство | Евро-Азиатское географическое общество | ||
| a | Место издания | Москва | ||
| 300 | a | Объем | 38 с. | |
| 336 | a | Термин вида содержания | Электронные данные | |
| 500 | a | Примечание | Журнал | |
| a | Примечание | Текст выпуска в электронном виде | ||
| 600 | a | Персоналии | Лепешинский Юрий Николаевич | |
| 650 | 04 | a | Основная рубрика | геофизика |
| a | Основная рубрика | науки о Земле | ||
| 653 | a | Ключевые слова | бурение | |
| a | Ключевые слова | геоинформационные системы (ГИС) | ||
| a | Ключевые слова | геологи | ||
| a | Ключевые слова | геология | ||
| a | Ключевые слова | геолого-технологические исследования | ||
| a | Ключевые слова | геологоразведка | ||
| a | Ключевые слова | геонавигация | ||
| a | Ключевые слова | зарубежные научные журналы | ||
| a | Ключевые слова | искусственный интеллект | ||
| a | Ключевые слова | каротаж в процессе бурения (LWD) | ||
| a | Ключевые слова | конференции | ||
| a | Ключевые слова | нейросети | ||
| a | Ключевые слова | съезды | ||
| a | Ключевые слова | цифровые технологии | ||
| 773 | 18 | w | Контрольный № источника | RU/IS/BASE/388509351 |
| 900 | a | Имя электронного ресурса | Геофизический_вестник_2026_2 | |
| x | Справочная информация | Полный текст | ||
| 901 | t | Тип документа | s | |
| 952 | a | Тип литературы для КСУ ВШ | НЖ | |
| 991 | s | 3 |